[Event "Halmstad op"]
[Site "Halmstad"]
[Date "2025.05.30"]
[Round "5"]
[White "Lindberg, Bengt"]
[Black "Lindgren, Philip"]
[Result "0-1"]
[WhiteElo "2334"]
[BlackElo "2384"]
[PlyCount "162"]
[EventDate "2025.05.29"]
[EventType "swiss"]
[EventRounds "8"]
[EventCountry "SWE"]
[SourceTitle "CB23_2025"]
[SourceDate "2025.06.04"]
[SourceVersion "1"]
[SourceVersionDate "2025.06.04"]
[SourceQuality "1"]

1. e4 c5 2. Nf3 d6 3. d4 cxd4 4. Nxd4 Nf6 5. Nc3 a6 6. Bd3 g6 7. f3 Bg7 8. Be3 Nc6 9. Qd2 0-0 10. 0-0-0 d5 11. exd5 Nxd5 12. Nxd5 Qxd5 13. Nxc6 bxc6 14. c4 Qd6 15. Bc2 Rb8 16. Bb3 Qc7 17. Bh6 a5 18. Bxg7 Kxg7 19. h4 h6 20. Rhe1 Be6 21. h5 g5 22. Qc3+ Kg8 23. Re5 Rb4 24. Rde1 Rfb8 25. Bc2 Rxb2 26. Qd3 Rxc2+ 27. Qxc2 Qd6 28. Qc3 Rb4 29. R1e4 Qb8 30. Kc2 Qb6 31. c5 Qb5 32. Rxb4 axb4 33. Qb2 Qf1 34. Qxb4 Qxg2+ 35. Qd2 Qxf3 36. Kb2 Qg4 37. a3 Qc4 38. Qc3 Qa2+ 39. Kc1 Qh2 40. Qe3 Qh1+ 41. Kb2 Qh2+ 42. Kc1 Qa2 43. Qc3 Qf2 44. Qe3 Qf1+ 45. Kd2 Qc4 46. Ke1 Kf8 47. Re4 Qa2 48. Qc3 f6 49. Qe3 Kf7 50. a4 f5 51. Rb4 Qa1+ 52. Kd2 Qa2+ 53. Ke1 Bd5 54. Qe5 Qc2 55. Rb7 Qc1+ 56. Kf2 Qxc5+ 57. Ke1 Qc1+ 58. Kf2 Qd2+ 59. Qe2 Qd4+ 60. Ke1 Qc3+ 61. Kf2 Qd4+ 62. Ke1 Qc3+ 63. Kf2 Be6 64. Qb2 Qc5+ 65. Ke1 Qe3+ 66. Kd1 Qd3+ 67. Kc1 Qf1+ 68. Kd2 Qf4+ 69. Ke1 Qxa4 70. Rb8 Qh4+ 71. Kd2 Qh2+ 72. Kd3 Qxb2 73. Rxb2 f4 74. Ke4 Kf6 75. Kf3 Kf5 76. Rb8 g4+ 77. Kf2 Kg5 78. Re8 Kxh5 79. Rxe7 Bd5 80. Kg1 Kh4 81. Re2 g3 0-1

[Event "Halmstad op"]
[Site "Halmstad"]
[Date "2025.05.29"]
[Round "2"]
[White "Lindgren, Philip"]
[Black "Khaschuluu, Sergelenbaatar"]
[Result "1-0"]
[WhiteElo "2384"]
[BlackElo "2012"]
[PlyCount "41"]
[EventDate "2025.05.29"]
[EventType "swiss"]
[EventRounds "8"]
[EventCountry "SWE"]
[SourceTitle "CB23_2025"]
[SourceDate "2025.06.04"]
[SourceVersion "1"]
[SourceVersionDate "2025.06.04"]
[SourceQuality "1"]

1. d4 d5 2. c4 c6 3. Nf3 e6 4. e3 Nf6 5. Bd3 dxc4 6. Bxc4 Nbd7 7. 0-0 b5 8. Bd3 a6 9. a4 Bb7 10. Qe2 Be7 11. e4 0-0 12. e5 Nd5 13. Qe4 g6 14. Bh6 Re8 15. Nbd2 N7b6 16. b3 Nc3 17. Qg4 Nbd5 18. Rfc1 c5 19. h4 cxd4 20. h5 Nb4 21. hxg6 1-0

[Event "Deltalift op"]
[Site "Halmstad"]
[Date "2024.05.11"]
[Round "8"]
[White "Seo, Jung Min"]
[Black "Lindgren, Philip"]
[Result "1/2-1/2"]
[WhiteElo "2452"]
[BlackElo "2377"]
[PlyCount "70"]
[EventDate "2024.05.09"]
[EventType "swiss"]
[EventRounds "8"]
[EventCountry "SWE"]
[SourceTitle "CBM 220 Extra"]
[Source "ChessBase"]
[SourceDate "2024.07.31"]
[SourceVersion "1"]
[SourceVersionDate "2024.07.31"]
[SourceQuality "1"]

1. d4 Nf6 2. c4 e6 3. Nf3 d5 4. Nc3 Nbd7 5. Bg5 h6 6. Bh4 Be7 7. e3 0-0 8. Rc1 c5 9. dxc5 dxc4 10. c6 bxc6 11. Bxc4 Qa5 12. 0-0 Nb6 13. Be2 Nbd5 14. Nd4 Bd7 15. Nb3 Qb4 16. Bg3 Rfd8 17. a3 Nxc3 18. Rxc3 Qb6 19. Qc2 Rac8 20. Nd2 c5 21. Nc4 Qb7 22. Na5 Qb6 23. Nc4 Qb7 24. Bd6 Ba4 25. Qxa4 Bxd6 26. Rb3 Qc7 27. g3 Nd5 28. Qa6 Rb8 29. Rxb8 Qxb8 30. Rd1 Be7 31. Qa4 g6 32. Rd3 Nb6 33. Rxd8+ Bxd8 34. Qb5 Qc7 35. Nxb6 axb6 1/2-1/2

[Event "SWE-chT 2324 Elite"]
[Site "Sweden"]
[Date "2024.03.04"]
[Round "4.29"]
[White "Lindgren, Philip"]
[Black "Smith, Axel"]
[Result "1/2-1/2"]
[WhiteElo "2385"]
[BlackElo "2421"]
[PlyCount "102"]
[EventDate "2023.10.13"]
[EventType "team-tourn"]
[EventRounds "9"]
[EventCountry "SWE"]
[SourceTitle "EXT 2025"]
[Source "ChessBase"]
[SourceDate "2024.10.14"]
[SourceVersion "1"]
[SourceVersionDate "2024.10.14"]
[SourceQuality "1"]
[WhiteTeam "Limhamn"]
[BlackTeam "Lunds"]
[WhiteTeamCountry "SWE"]
[BlackTeamCountry "SWE"]

1. d4 Nf6 2. Nf3 c5 3. e3 d5 4. Bd3 c4 5. Be2 b5 6. Ne5 Bb7 7. c3 Nc6 8. f4 e6 9. 0-0 Be7 10. Bd2 0-0 11. Be1 Ne4 12. Nd2 Nxd2 13. Qxd2 f6 14. Nxc6 Bxc6 15. Bg4 f5 16. Bf3 a5 17. g4 b4 18. Qg2 Qd7 19. Kh1 Rfb8 20. Rg1 Bf8 21. Bh4 Qf7 22. Qc2 bxc3 23. bxc3 Rb7 24. gxf5 Qxf5 25. Qg2 Re8 26. Rad1 Ba3 27. Rd2 Bf8 28. Bg4 Qe4 29. Qxe4 dxe4 30. Bf6 Bd5 31. Be5 a4 32. h4 a3 33. h5 Ree7 34. Kh2 Rb2 35. Rxb2 axb2 36. Rb1 Rb7 37. Bd1 g6 38. hxg6 hxg6 39. Kg2 Ba3 40. Bc2 Rh7 41. Rg1 Kf7 42. Bb1 Ke8 43. Rh1 Rxh1 44. Kxh1 Be7 45. Kg2 Bd8 46. Bd6 Ba5 47. Ba3 Bxc3 48. Kf2 Kf7 49. Ke2 Bc6 50. Kd1 Ba4+ 51. Ke2 Bc6 1/2-1/2

[Event "SWE-chT 2223 Elite"]
[Site "Sweden"]
[Date "2023.01.21"]
[Round "4.1"]
[White "Olsson, Fredric"]
[Black "Lindgren, Philip"]
[Result "1/2-1/2"]
[WhiteElo "2046"]
[BlackElo "2382"]
[PlyCount "73"]
[EventDate "2022.10.14"]
[EventType "team-tourn"]
[EventRounds "9"]
[EventCountry "SWE"]
[SourceTitle "CBM 213 Extra"]
[Source "ChessBase"]
[SourceDate "2023.05.31"]
[SourceVersion "1"]
[SourceVersionDate "2023.05.31"]
[SourceQuality "1"]
[WhiteTeam "Helsingborg"]
[BlackTeam "Limhamn"]
[WhiteTeamCountry "SWE"]
[BlackTeamCountry "SWE"]

1. e4 c5 2. Nf3 d6 3. d4 cxd4 4. Nxd4 Nf6 5. Nc3 a6 6. Bg5 Nbd7 7. Qd2 e6 8. 0-0-0 h6 9. Bxf6 Nxf6 10. Kb1 Be7 11. g4 Qc7 12. f4 g5 13. f5 Bd7 14. Qe2 b5 15. fxe6 fxe6 16. Bg2 b4 17. e5 dxe5 18. Bxa8 bxc3 19. Nb3 a5 20. Qd3 a4 21. Qg6+ Kd8 22. Rhf1 axb3 23. Rxf6 bxa2+ 24. Ka1 cxb2+ 25. Kxb2 Qb8+ 26. Ka1 Qxa8 27. Rxe6 Qf3 28. Rd3 Qh1+ 29. Kxa2 Qxh2 30. Kb2 Qf4 31. Rb6 e4 32. Rxd7+ Kxd7 33. Qc6+ Kd8 34. Qa8+ Kd7 35. Qc6+ Kd8 36. Qa8+ Kd7 37. Qc6+ 1/2-1/2

[Event "Pula op 34th"]
[Site "Pula"]
[Date "2022.06.21"]
[Round "5"]
[White "Lindgren, Philip"]
[Black "Makovec, Bruno"]
[Result "1/2-1/2"]
[WhiteElo "2379"]
[BlackElo "2217"]
[PlyCount "67"]
[EventDate "2022.06.18"]
[EventType "swiss"]
[EventRounds "9"]
[EventCountry "CRO"]
[SourceTitle "CBM 209 Extra"]
[Source "ChessBase"]
[SourceDate "2022.09.30"]
[SourceVersion "1"]
[SourceVersionDate "2022.09.30"]
[SourceQuality "1"]

1. d4 Nf6 2. c4 e6 3. Nf3 d5 4. g3 Be7 5. Bg2 0-0 6. 0-0 dxc4 7. Qc2 a6 8. a4 Bd7 9. Qxc4 Bc6 10. Bf4 Bd6 11. Qc1 a5 12. Nc3 Na6 13. Bg5 h6 14. Bxf6 Qxf6 15. e4 e5 16. dxe5 Bxe5 17. Nxe5 Qxe5 18. Nd5 Bxd5 19. exd5 Qd6 20. Qc4 b6 21. Rfe1 Nc5 22. Qb5 Rad8 23. Rad1 Rd7 24. b3 Rfd8 25. Bf1 Re7 26. Bc4 Kf8 27. Rxe7 Qxe7 28. b4 axb4 29. Qxb4 Qd6 30. Bb5 Kg8 31. Bc6 Nb7 32. Qe4 Nc5 33. Qe3 Nd7 34. Re1 1/2-1/2

[Event "SWE-chT 2122 Elite"]
[Site "Sweden"]
[Date "2022.03.19"]
[Round "4.4"]
[White "Trost, Edvin"]
[Black "Lindgren, Philip"]
[Result "0-1"]
[WhiteElo "2271"]
[BlackElo "2354"]
[PlyCount "94"]
[EventDate "2021.12.03"]
[EventType "team-tourn"]
[EventRounds "9"]
[EventCountry "SWE"]
[SourceTitle "EXT 2023"]
[Source "ChessBase"]
[SourceDate "2022.10.05"]
[SourceVersion "1"]
[SourceVersionDate "2022.10.05"]
[SourceQuality "1"]
[WhiteTeam "Stockholm Rockaden"]
[BlackTeam "Limhamn"]
[WhiteTeamCountry "SWE"]
[BlackTeamCountry "SWE"]

1. d4 Nf6 2. c4 e6 3. Nc3 d5 4. cxd5 exd5 5. Bg5 c6 6. e3 Be7 7. Bd3 Nbd7 8. Qc2 Nh5 9. Bxe7 Qxe7 10. Nge2 Nb6 11. 0-0-0 g6 12. Kb1 Ng7 13. Ng3 Be6 14. Na4 0-0-0 15. Nc5 Nd7 16. Qc3 Qf6 17. Rc1 Nxc5 18. Qxc5 Kb8 19. Rc3 Rc8 20. Ra3 b6 21. Qd6+ Rc7 22. f3 Rd8 23. Qb4 h5 24. Rc1 h4 25. Ne2 h3 26. g3 Qxf3 27. Nf4 Bf5 28. Ka1 Qxe3 29. Rac3 Qd2 30. R1c2 Qd1+ 31. Rc1 Qd2 32. R1c2 Qe1+ 33. Rc1 Qf2 34. Bb5 Qxh2 35. Bxc6 Qd2 36. a3 h2 37. Ka2 Be4 38. Bd7 Rdxd7 39. Qf8+ Kb7 40. Rxc7+ Rxc7 41. Rxc7+ Kxc7 42. Qxg7 Qc2 43. Qxf7+ Kb8 44. Qe8+ Kb7 45. a4 h1Q 46. Qd7+ Qc7 47. Qxc7+ Kxc7 0-1

[Event "Hasselbacken op"]
[Site "Stockholm"]
[Date "2021.11.05"]
[Round "1"]
[White "Lindgren, Philip"]
[Black "Andersson, Bjorn1"]
[Result "1-0"]
[WhiteElo "2357"]
[BlackElo "1838"]
[PlyCount "89"]
[EventDate "2021.11.05"]
[EventType "swiss"]
[EventRounds "8"]
[EventCountry "SWE"]
[SourceTitle "CBM 205 Extra"]
[Source "ChessBase"]
[SourceDate "2022.01.31"]
[SourceVersion "1"]
[SourceVersionDate "2022.01.31"]
[SourceQuality "1"]

1. d4 e6 2. c4 d5 3. Nf3 Nf6 4. g3 Be7 5. Bg2 0-0 6. 0-0 b6 7. Ne5 Bb7 8. Nc3 Nbd7 9. Qa4 Nxe5 10. dxe5 Ne4 11. Nxe4 dxe4 12. Rd1 Qe8 13. Qc2 Qc6 14. Be3 Rfd8 15. Bd4 a5 16. e3 a4 17. Rac1 f5 18. exf6 Bxf6 19. Bxf6 gxf6 20. Qe2 f5 21. Qh5 Rd6 22. Qg5+ Kf7 23. Bf1 Rg8 24. Qh6 Rg7 25. Be2 Kg8 26. Qf6 Qe8 27. Rxd6 cxd6 28. Rd1 Qd7 29. Qd4 d5 30. Qxb6 Re7 31. cxd5 Bxd5 32. Bc4 Qb7 33. Qd8+ Kg7 34. Bxd5 exd5 35. Rxd5 Qc7 36. Qxc7 Rxc7 37. Rxf5 Rc2 38. Ra5 Rxb2 39. Rxa4 h6 40. Rxe4 Rxa2 41. Kg2 Kg6 42. Rb4 h5 43. h3 Rc2 44. g4 h4 45. Rb6+ 1-0

[Event "Hasselbacken op"]
[Site "Stockholm"]
[Date "2021.11.05"]
[Round "3"]
[White "Lindgren, Philip"]
[Black "Wahlund, Max"]
[Result "0-1"]
[WhiteElo "2357"]
[BlackElo "2079"]
[PlyCount "76"]
[EventDate "2021.11.05"]
[EventType "swiss"]
[EventRounds "8"]
[EventCountry "SWE"]
[SourceTitle "CBM 205 Extra"]
[Source "ChessBase"]
[SourceDate "2022.01.31"]
[SourceVersion "1"]
[SourceVersionDate "2022.01.31"]
[SourceQuality "1"]

1. e4 e5 2. Nf3 Nc6 3. d4 exd4 4. c3 Nf6 5. e5 Nd5 6. cxd4 Bb4+ 7. Bd2 Bxd2+ 8. Nbxd2 d6 9. Bb5 0-0 10. 0-0 Nce7 11. Re1 Bf5 12. Ne4 dxe5 13. Nxe5 Ng6 14. Nxg6 Bxg6 15. Qf3 c6 16. Bf1 Qb6 17. Nc5 Qxb2 18. Rad1 Rad8 19. h4 h6 20. h5 Bh7 21. Bd3 Bxd3 22. Rxd3 Rfe8 23. Rxe8+ Rxe8 24. Kh2 Re7 25. Qf5 Qe2 26. Rf3 b6 27. Qc8+ Re8 28. Qxc6 Nb4 29. Qd7 bxc5 30. Qxf7+ Kh8 31. dxc5 Qe6 32. Qxa7 Qe5+ 33. g3 Qxh5+ 34. Kg2 Re1 35. Qb8+ Kh7 36. g4 Qh1+ 37. Kg3 Rg1+ 38. Kf4 Qh2+ 0-1

[Event "Bundesliga 1920"]
[Site "Germany"]
[Date "2021.10.14"]
[Round "9.7"]
[White "Grigorian, Spartak"]
[Black "Lindgren, Philip"]
[Result "1/2-1/2"]
[WhiteElo "2360"]
[BlackElo "2353"]
[PlyCount "142"]
[EventDate "2019.11.23"]
[EventType "team-tourn"]
[EventRounds "15"]
[EventCountry "GER"]
[SourceTitle "EXT 2022"]
[Source "ChessBase"]
[SourceDate "2021.10.06"]
[SourceVersion "1"]
[SourceVersionDate "2021.10.06"]
[SourceQuality "1"]
[WhiteTeam "Werder Bremen"]
[BlackTeam "Bayern Muenchen"]
[WhiteTeamCountry "GER"]
[BlackTeamCountry "GER"]

1. c4 e6 2. Nf3 d5 3. g3 Nf6 4. Bg2 dxc4 5. Qa4+ Bd7 6. Qxc4 c5 7. Ne5 Qc8 8. Qd3 Nc6 9. Nxd7 Nxd7 10. b3 Be7 11. Bb2 0-0 12. Nc3 Rd8 13. Rc1 Nde5 14. Qb1 Qd7 15. d3 Rac8 16. 0-0 Nd4 17. Rfd1 f5 18. e3 Ndf3+ 19. Kh1 Qe8 20. h3 Qh5 21. Qc2 g5 22. Qe2 g4 23. d4 Ng6 24. dxc5 Ng5 25. Qf1 Nxh3 26. Bxh3 Bf6 27. Rxd8+ Rxd8 28. Rd1 Rxd1 29. Nxd1 Bxb2 30. Nxb2 Ne5 31. Nd3 Nxd3 32. Qxd3 Qxh3+ 33. Kg1 Qh5 34. b4 a6 35. a4 Qe8 36. b5 axb5 37. axb5 Qa8 38. Qd7 Qa1+ 39. Kg2 Qe5 40. c6 Qe4+ 41. Kg1 bxc6 42. bxc6 Qb1+ 43. Kg2 Qe4+ 44. Kh2 Qc2 45. Qxe6+ Kg7 46. Kg2 h5 47. Qe5+ Kg6 48. Qd5 Kf6 49. Qd6+ Kg7 50. Qe5+ Kg6 51. Qb5 Qe4+ 52. Kg1 Qc2 53. Qb6 Qd1+ 54. Kh2 Qd6 55. Qb7 Qd5 56. Qd7 Qa2 57. Kg2 Qc4 58. Qd6+ Kf7 59. c7 Qe4+ 60. Kh2 Qc2 61. Qd7+ Kf6 62. Qd6+ Kf7 63. Qd5+ Ke7 64. Qe5+ Kd7 65. Qf4 Kc8 66. Kg1 Qc1+ 67. Kg2 Qc6+ 68. Kh2 Qc2 69. Kg1 Qc1+ 70. Kg2 Qc6+ 71. Kg1 Qc1+ 1/2-1/2

[Event "Skanderborg Smuk"]
[Site "Skanderborg"]
[Date "2021.08.21"]
[Round "8"]
[White "Lindgren, Philip"]
[Black "Svane, Frederik"]
[Result "1/2-1/2"]
[WhiteElo "2356"]
[BlackElo "2438"]
[PlyCount "86"]
[EventDate "2021.08.14"]
[EventType "tourn"]
[EventRounds "9"]
[EventCountry "DEN"]
[EventCategory "8"]
[SourceTitle "CBM 203 Extra"]
[Source "ChessBase"]
[SourceDate "2021.09.30"]
[SourceVersion "1"]
[SourceVersionDate "2021.09.30"]
[SourceQuality "1"]

1. d4 Nf6 2. c4 e6 3. Nf3 d5 4. Nc3 dxc4 5. a4 Bb4 6. e3 0-0 7. Bxc4 b6 8. 0-0 Bb7 9. Qe2 Nbd7 10. Rd1 a6 11. Bd3 Qe7 12. e4 e5 13. Nxe5 Nxe5 14. dxe5 Qxe5 15. f4 Bc5+ 16. Kh1 Qh5 17. Qxh5 Nxh5 18. Be2 Nf6 19. e5 Ne4 20. Nxe4 Bxe4 21. a5 b5 22. Bd2 Bd4 23. Bc3 Bxc3 24. bxc3 Rfd8 25. Kg1 f6 26. exf6 gxf6 27. Kf2 Kf8 28. g4 c5 29. Rxd8+ Rxd8 30. Rd1 Rxd1 31. Bxd1 Ke7 32. Ke3 Bd5 33. g5 f5 34. h4 Kf8 35. Bc2 Be6 36. Bd1 Bd5 37. Bc2 Be6 38. Bd3 Bd7 39. Be2 Bc6 40. Bd3 Bd7 41. Kd2 Kg7 42. Bc2 Be6 43. Ke3 Kf8 1/2-1/2